| 000 | 01038nam a22002177a 4500 | ||
|---|---|---|---|
| 005 | 20100814161832.0 | ||
| 010 | _aENG-100421 | ||
| 020 |
_a9788184244205 _c2500.00 |
||
| 035 | _aEN-83954 | ||
| 037 | _bDBAD/PUB | ||
| 082 | _a658.4 | ||
| 245 |
_aKnowledge management and intellectual capital emerging perspectives : _bbased on the paper presented at the international conference on knowledge management and intellectual capital at institute of management technology, Ghaziabad, India 26th & 27th February 2009 / _cedited by Surinder Batra [and] Francisco Javier Carrillo |
||
| 260 |
_aNew Delhi _bAllied Publishers _c2009 |
||
| 270 |
_aA-104 mayapuri Phase II _bNew Delhi |
||
| 300 |
_axviii, 926p. _c24cm (Hb) |
||
| 500 | _aIncluded index | ||
| 700 |
_aBatra, Surinder _913650 |
||
| 700 |
_aCarrillo, Francisco Javier _913651 |
||
| 942 |
_2ddc _cEN _h658.4 _mKNO |
||
| 999 |
_c42023 _d42023 |
||